| 000 | 00484nam a2200097Ia 4500 | ||
|---|---|---|---|
| 008 | 180130s9999 xx 000 0 und d | ||
| 245 |
_cPandey, Niti; Rupp, Deborah E.; Thornton, Meghan A. _aThe morality of corporate environmental sustainability: a psychological and philosophical perspective |
||
| 260 | _c2013 | ||
| 300 | _aBook title: Green organizations : driving change with I-O psychology--Acession number C18638; pages 69-92 | ||
| 650 | _aBUSINESS ENTERPRISES--ENVIRONMENTAL ASPECTS | ||
| 999 |
_c354595 _d354595 |
||